• 首页
  • 本馆介绍
  • 公告通知
  • 最新文献
  • 馆藏检索
  • 电子资源
  • 读者导购
  • 参考咨询
  • 我的图书馆
  • 登录
  • 详细信息显示
  • 放入我的书架
  • 预约/预借图书
  • 作者相关作品
  • 分类相关作品
  • 丛书相关作品
  • 出版社相关作品

书目信息

  • 表格格式
  • 工作单格式
  • 卡片格式
题名:
常识教学法
    
 
作者: 王志明 编
分册:  
出版信息: 北京   人民教育出版社  1986
页数: 71页
开本: 18cm
丛书名:
单 册:
中图分类: G613.3
科图分类:
主题词: 常识课--学前教育--教学参考资料
电子资源:
ISBN: 7012.01122
000 00680nam0 2200241---450-
001 0105545656
005 20130812084139.0
010    @a7012.01122@dCNY0.30
091    @a7012.01122@dCNY0.30
100    @a20070820d1986 em y0chiy0120 ea
101 0  @achi
102    @aCN@b110000
105    @ay z 000yy
106    @ar
200 1  @a常识教学法@9Chang Shi;Zhi Jiao Xue Fa @f王志明编@b专著
210    @a北京@c人民教育出版社@d1986@h1987印
215    @a71页@d18cm
300    @a幼儿园教师培训教材
606 0  @a常识课@x学前教育@j教学参考资料
690    @aG613.3@v4
701  0 @a王志明@4编@9wang zhi ming
801  0 @aCN@bAZmarc@c20230906
905    @aBZT@dG613.3@e13@f5@sG613.3/13
    
    常识教学法/王志明编.-北京:人民教育出版社,1986(1987印)
    71页;18cm
    幼儿园教师培训教材
    
    ISBN 7012.01122:CNY0.30
    
●
相关链接 在五车中查询图书 在当当中查询图书 在豆瓣中查询图书


正题名:常识教学法     索取号:G613.3/13         预约/预借

序号 登录号 条形码 馆藏地/架位号 状态 备注
1 2000040273   2000040273   旧书回溯/ [索取号:G613.3/13] 在馆    
2 2000040274   2000040274   旧书回溯/ [索取号:G613.3/13] 在馆    
3 2000040275   2000040275   旧书回溯/ [索取号:G613.3/13] 在馆    
4 2000040276   2000040276   旧书回溯/ [索取号:G613.3/13] 在馆    
5 2000040277   2000040277   旧书回溯/ [索取号:G613.3/13] 在馆    
山东省滨州职业学院图书馆 欢迎您!
大连网信软件有限公司© 版权所有